000
00318nam a2200109Ia 4500
008
171211s9999 xx 000 0 und d
245
_a
Dragons Touch: Weaknesses of the Human Anatomy
245
_c
Master Hei Long
260
_c
1983
650
_x
Martial Arts
856
_u
http://down.ebook777.com/053/9780873642712.pdf
999
_c
348254
_d
348254